Central Library OPAC University of Rajshahi

Asiatic mythology: (Record no. 22840)

MARC details
000 -LEADER
fixed length control field 01023nam a2200265 a 4500
001 - CONTROL NUMBER
control field 22840
003 - CONTROL NUMBER IDENTIFIER
rucl marc code BD-RjUL
005 - DATE AND TIME OF LATEST TRANSACTION
control field 20211209000847.0
008 - FIXED-LENGTH DATA ELEMENTS--GENERAL INFORMATION
fixed length control field 720425r19631932uk af 000 0 eng
035 ## - SYSTEM CONTROL NUMBER
System control number (BD-RjUL)22905
040 ## - CATALOGING SOURCE
Original cataloging agency DLC
Transcribing agency OAkU
Modifying agency OCoLC
-- BD-RjUL
Language of cataloging eng
041 ## - LANGUAGE CODE
Language code of text/sound track or separate title eng
082 ## - DEWEY DECIMAL CLASSIFICATION NUMBER
Classification number 398.2095
Edition number 23
Author mark and year ASI 1963
245 00 - TITLE STATEMENT
Title Asiatic mythology:
Remainder of title a detailed description and explanation of the mythologies of all the great nations of Asia /
Statement of responsibility, etc. by J. Hackin ... [et al.] ; With an introduction by Paul-Louis Couchoud ; Translated by F. M. Atkinson.
260 ## - PUBLICATION, DISTRIBUTION, ETC. (IMPRINT)
Place of publication, distribution, etc. London:
Name of publisher, distributor, etc. George G. Harrap & Co. Ltd. ,
Date of publication, distribution, etc. 1932 [Reprinted1963]
300 ## - PHYSICAL DESCRIPTION
Pagination 459, [1] p. :
Illustrations ill
Size 29 cm.
500 ## - GENERAL NOTE
General note Translated by F. M. Atkinson.
650 #0 - SUBJECT ADDED ENTRY--TOPICAL TERM
Topical term or geographic name as entry element Mythology, Asian.
9 (RLIN) 222954
Topical term or geographic name as entry element Art, Asian.
9 (RLIN) 222955
651 #0 - SUBJECT ADDED ENTRY--GEOGRAPHIC NAME
Geographic name Asia
General subdivision Religion.
9 (RLIN) 222956
700 1# - ADDED ENTRY--PERSONAL NAME
Personal name Hackin, Joseph,
Dates associated with a name 1886-1941. ...[et al]
Personal name Couchoud, Paul-Louis, Introducer
Personal name Atkinson, F. M. , tr.
942 ## - ADDED ENTRY ELEMENTS (KOHA)
Source of classification or shelving scheme Dewey Decimal Classification
Koha item type Rare Books
Holdings
Lost status Source of classification or shelving scheme Damaged status Not for loan Collection code Permanent Location Current Location Shelving location Date acquired Source of acquisition Cost, normal purchase price Total Checkouts Full call number Date last seen Copy number Koha item type
  Dewey Decimal Classification   Not For Loan Rare Books Central Library, University of Rajshahi Central Library, University of Rajshahi Rare Book Section 30/01/1971 Zeitlinger 63.00   RA 398.2095 ASI 1963 26/09/2018 C-1 Rare Books